000 00615nam a22001937a 4500
999 _c7245
_d7245
003 GBCCL
005 20241126110623.0
008 180719b ||||| |||| 00| 0 eng d
040 _cgbc
082 _aVER 226.607
_bKAM
100 _aKamchinkhup, K.
_912830
245 _aNasepte Laibu:
_bBung 1-12 hilhchetna /
_cK. Kamchinkhup
260 _aNew Lamka:
_bEvangelical Baptist Convention,
_c2018
300 _axiv, 225 p.;
_bill., map.,
_c20 cm.
440 _aSaptuam' Laisiangthou Hilhchetna
_97247
650 _aBible
_vNew Testament
_xActs
_xCommentary
_912831
650 _aSunday School, EBC
_912832
942 _2ddc
_cBK